000 00466nam a2200157 i 4500
001 26110
003 ES-MaACL
007 t|
008 030107s1955 sp ||||1| spa d
100 1 _aArnold, Mario.
_923110
245 1 1 _a¡Mujer, dame un hijo!
_b: comedia dramática en tres actos y en prosa /
_cMario Arnold.
250 _a1ª ed.
260 _aMadrid :
_bAncla,
_c1955 (
_fVda. Galo Sèz)
300 _a131 p. ;
_c17 cm.
852 _aES-MaACL
_jC-9328
_bR.37326
999 _c26110
_d26110